<?xml version="1.0" encoding="UTF-8"?>
<record
    xmlns:xsi="http://www.w3.org/2001/XMLSchema-instance"
    xsi:schemaLocation="http://www.loc.gov/MARC21/slim http://www.loc.gov/standards/marcxml/schema/MARC21slim.xsd"
    xmlns="http://www.loc.gov/MARC21/slim">

  <leader>00620nam a22001577a 4500</leader>
  <controlfield tag="003">OSt</controlfield>
  <controlfield tag="005">20150927141001.0</controlfield>
  <controlfield tag="008">150927b        xxu||||| |||| 00| 0 eng d</controlfield>
  <datafield tag="040" ind1=" " ind2=" ">
    <subfield code="c">RUA</subfield>
  </datafield>
  <datafield tag="082" ind1=" " ind2=" ">
    <subfield code="a">AGR LY 2003 B058 Or.1</subfield>
  </datafield>
  <datafield tag="100" ind1=" " ind2=" ">
    <subfield code="9">1415</subfield>
    <subfield code="a">LY, SOKTHY.</subfield>
  </datafield>
  <datafield tag="245" ind1=" " ind2=" ">
    <subfield code="a">Waxicorn breeder seed production on wet season condition 2002, &#x1780;&#x17B6;&#x179A;&#x1795;&#x179B;&#x17B7;&#x178F;&#x1796;&#x17BC;&#x1787;&#x1787;&#x17C6;&#x179A;&#x17BE;&#x179F;&#x179C;&#x17B7;&#x1791;&#x17BC;&#x1793;&#x17C3;&#x178A;&#x17C6;&#x178E;&#x17B6;&#x17C6;&#x1796;&#x17C4;&#x178F;&#x178A;&#x17C6;&#x178E;&#x17BE;&#x1794;&#x1780;&#x17D2;&#x1793;&#x17BB;&#x1784;&#x179B;&#x1780;&#x17D2;&#x1781;&#x1781;&#x17D0;&#x178E;&#x17D2;&#x178C;&#x179A;&#x178A;&#x17BC;&#x179C;&#x179C;&#x179F;&#x17D2;&#x179F;&#x17B6;&#x1786;&#x17D2;&#x1793;&#x17B6;&#x17C6;&#x17E2;&#x17E0;&#x17E0;&#x17E2;</subfield>
  </datafield>
  <datafield tag="260" ind1=" " ind2=" ">
    <subfield code="a">Phnom Penh</subfield>
    <subfield code="b">RUA</subfield>
    <subfield code="c">2003</subfield>
  </datafield>
  <datafield tag="300" ind1=" " ind2=" ">
    <subfield code="a">65p.</subfield>
    <subfield code="b">ill.</subfield>
    <subfield code="c">29cm.</subfield>
  </datafield>
  <datafield tag="942" ind1=" " ind2=" ">
    <subfield code="2">ddc</subfield>
    <subfield code="c">ATMSP</subfield>
  </datafield>
  <datafield tag="999" ind1=" " ind2=" ">
    <subfield code="c">1330</subfield>
    <subfield code="d">1330</subfield>
  </datafield>
  <datafield tag="952" ind1=" " ind2=" ">
    <subfield code="0">0</subfield>
    <subfield code="1">0</subfield>
    <subfield code="2">ddc</subfield>
    <subfield code="4">0</subfield>
    <subfield code="6">AGR_LY_2003_000000000000000_B058_OR_1</subfield>
    <subfield code="7">0</subfield>
    <subfield code="9">5778</subfield>
    <subfield code="a">LBB</subfield>
    <subfield code="b">LBB</subfield>
    <subfield code="c">B058</subfield>
    <subfield code="d">2015-09-27</subfield>
    <subfield code="l">2</subfield>
    <subfield code="o">AGR LY 2003 B058 Or.1</subfield>
    <subfield code="p">RUA001291</subfield>
    <subfield code="r">2022-06-01</subfield>
    <subfield code="s">2022-05-13</subfield>
    <subfield code="w">2015-09-27</subfield>
    <subfield code="y">ATMSP</subfield>
  </datafield>
  <datafield tag="952" ind1=" " ind2=" ">
    <subfield code="0">0</subfield>
    <subfield code="1">0</subfield>
    <subfield code="2">ddc</subfield>
    <subfield code="4">0</subfield>
    <subfield code="6">AGR_LY_2003_000000000000000_B058_OR_2</subfield>
    <subfield code="7">0</subfield>
    <subfield code="9">5779</subfield>
    <subfield code="a">LBB</subfield>
    <subfield code="b">LBB</subfield>
    <subfield code="c">B058</subfield>
    <subfield code="d">2015-09-27</subfield>
    <subfield code="o">AGR LY 2003 B058 Or.2</subfield>
    <subfield code="p">RUA001250</subfield>
    <subfield code="r">2015-09-27</subfield>
    <subfield code="w">2015-09-27</subfield>
    <subfield code="y">ATMSP</subfield>
  </datafield>
  <datafield tag="952" ind1=" " ind2=" ">
    <subfield code="0">0</subfield>
    <subfield code="1">0</subfield>
    <subfield code="2">ddc</subfield>
    <subfield code="4">0</subfield>
    <subfield code="6">AGR_LY_2003_000000000000000_B058_OR_3</subfield>
    <subfield code="7">0</subfield>
    <subfield code="9">5780</subfield>
    <subfield code="a">LBB</subfield>
    <subfield code="b">LBB</subfield>
    <subfield code="c">B058</subfield>
    <subfield code="d">2015-09-27</subfield>
    <subfield code="o">AGR LY 2003 B058 Or.3</subfield>
    <subfield code="p">RUA001440</subfield>
    <subfield code="r">2015-09-27</subfield>
    <subfield code="w">2015-09-27</subfield>
    <subfield code="y">ATMSP</subfield>
  </datafield>
  <datafield tag="952" ind1=" " ind2=" ">
    <subfield code="0">0</subfield>
    <subfield code="1">0</subfield>
    <subfield code="2">ddc</subfield>
    <subfield code="4">0</subfield>
    <subfield code="6">AGR_LY_2003_000000000000000_B058_OR_4</subfield>
    <subfield code="7">0</subfield>
    <subfield code="9">5781</subfield>
    <subfield code="a">LBB</subfield>
    <subfield code="b">LBB</subfield>
    <subfield code="c">B058</subfield>
    <subfield code="d">2015-09-27</subfield>
    <subfield code="o">AGR LY 2003 B058 Or.4</subfield>
    <subfield code="p">RUA001466</subfield>
    <subfield code="r">2015-09-27</subfield>
    <subfield code="w">2015-09-27</subfield>
    <subfield code="y">ATMSP</subfield>
  </datafield>
  <datafield tag="952" ind1=" " ind2=" ">
    <subfield code="0">0</subfield>
    <subfield code="1">0</subfield>
    <subfield code="2">ddc</subfield>
    <subfield code="4">0</subfield>
    <subfield code="6">AGR_LY_2003_000000000000000_B058_OR_5</subfield>
    <subfield code="7">0</subfield>
    <subfield code="9">5782</subfield>
    <subfield code="a">LBB</subfield>
    <subfield code="b">LBB</subfield>
    <subfield code="c">B058</subfield>
    <subfield code="d">2015-09-27</subfield>
    <subfield code="o">AGR LY 2003 B058 Or.5</subfield>
    <subfield code="p">RUA001374</subfield>
    <subfield code="r">2015-09-27</subfield>
    <subfield code="w">2015-09-27</subfield>
    <subfield code="y">ATMSP</subfield>
  </datafield>
  <datafield tag="952" ind1=" " ind2=" ">
    <subfield code="0">0</subfield>
    <subfield code="1">0</subfield>
    <subfield code="2">ddc</subfield>
    <subfield code="4">0</subfield>
    <subfield code="6">AGR_LY_2003_000000000000000_B058_OR_6</subfield>
    <subfield code="7">0</subfield>
    <subfield code="9">5783</subfield>
    <subfield code="a">LBB</subfield>
    <subfield code="b">LBB</subfield>
    <subfield code="c">B058</subfield>
    <subfield code="d">2015-09-27</subfield>
    <subfield code="l">2</subfield>
    <subfield code="o">AGR LY 2003 B058 Or.6</subfield>
    <subfield code="p">RUA001230</subfield>
    <subfield code="r">2019-11-02</subfield>
    <subfield code="s">2019-10-19</subfield>
    <subfield code="w">2015-09-27</subfield>
    <subfield code="y">ATMSP</subfield>
  </datafield>
  <datafield tag="952" ind1=" " ind2=" ">
    <subfield code="0">0</subfield>
    <subfield code="1">0</subfield>
    <subfield code="2">ddc</subfield>
    <subfield code="4">0</subfield>
    <subfield code="6">AGR_LY_2003_000000000000000_B058_OR_7</subfield>
    <subfield code="7">0</subfield>
    <subfield code="9">13843</subfield>
    <subfield code="a">LBB</subfield>
    <subfield code="b">LBB</subfield>
    <subfield code="c">B058</subfield>
    <subfield code="d">2015-10-28</subfield>
    <subfield code="o">AGR LY 2003 B058 Or.7</subfield>
    <subfield code="p">RUA007848</subfield>
    <subfield code="r">2015-10-28</subfield>
    <subfield code="w">2015-10-28</subfield>
    <subfield code="y">ATMSP</subfield>
  </datafield>
  <datafield tag="952" ind1=" " ind2=" ">
    <subfield code="0">0</subfield>
    <subfield code="1">0</subfield>
    <subfield code="2">ddc</subfield>
    <subfield code="4">0</subfield>
    <subfield code="6">AGR_LY_2003_000000000000000_B058_OR_8</subfield>
    <subfield code="7">0</subfield>
    <subfield code="9">13844</subfield>
    <subfield code="a">LBB</subfield>
    <subfield code="b">LBB</subfield>
    <subfield code="c">B058</subfield>
    <subfield code="d">2015-10-28</subfield>
    <subfield code="o">AGR LY 2003 B058 Or.8</subfield>
    <subfield code="p">RUA007812</subfield>
    <subfield code="r">2015-10-28</subfield>
    <subfield code="w">2015-10-28</subfield>
    <subfield code="y">ATMSP</subfield>
  </datafield>
</record>
